000 00785nmm a2200301 a 4500
003 AR-BaBNM
005 20251128210102.0
008 011101s1989 ||||||||||||||000 | spa||
040 _cAR-BaBNM
100 1 _aMüller, Marina
245 1 0 _aAprender para ser
250 _a2ª ed.
260 _aBuenos Aires
_bLa autora
_c1989
300 _a177 p.
504 _aContiene bibliografía p. 171-177
650 4 _aPSICOLOGIA DE LA EDUCACION
650 4 _aAPRENDIZAJE
650 4 _aTEORIAS DEL APRENDIZAJE
650 4 _aNINOS DE EDAD PREESCOLAR
650 4 _aPSICODIAGNOSTICO
650 4 _aMETODOS
653 _aPSICOPEDAGOGIA
653 _aPROBLEMAS EDUCATIVOS
653 _aESTRATEGIAS EDUCATIVAS
653 _aEDUCACION PRIMARIA
942 _cBK
998 _cRaquel
999 _c13978
_d13978